Quiz sur l'équipe de France de football - Statistiques

Statistiques générales
  • Ce quiz a été pris 590 fois
  • Le résultat moyen est 15 sur 20
Statistiques - réponses
Question Réponse % Correct
Quel Français est élu meilleur joueur de la CM 2006 ? Zinédine Zidane
96%
Qui détient le record du plus grand nombre de buts marqués (51) avec l'Equipe de France ? Thierry Henry
93%
Quel joueur français est élu meilleur joueur de l'Euro 2016 ? Antoine Griezmann
90%
Qui est l'actuel capitaine de l'Equipe de France ? Hugo Lloris
90%
Quel Français détient le record du plus grand nombre de buts marqués en un Championnat d'Europe (9 buts à l'Euro 1984) Michel Platini
90%
Quel joueur est le capitaine de l'EdF championne du monde en 1998 ? Didier Deschamps
88%
Quel Français détient le record du plus grand nombre de buts marqués en une Coupe du monde ? (13 buts à la CM 1958) Just Fontaine
87%
Qui détient le record du plus grand nombre d'apparitions (142) en Equipe de France ? Lilian Thuram
86%
Quel marque est l'actuel équipementier de l'Equipe du France ? Nike
85%
En 2000,la France est championne d'Europe. En finale de l'Euro 2000,qui marque le but de la victoire (2-1) face à l'Italie ? David Trezeguet
82%
Quel pays sera le 1er adversaire des Bleus à la Coupe du monde 2018 ? Australie
79%
En 1958,quel joueur devient le 1er Français à décrocher un Ballon d'or ? Raymond Kopa
78%
La France est championne du monde en 1998. Qui est le sélectionneur de l'EdF à ce moment ? Aimé Jacquet
77%
Quel joueur français est élu meilleur jeune joueur de la CM 2014 ? Paul Pogba
71%
La France joue son 1er match en 1904 (3-3). Contre quel pays ? Belgique
64%
La France ne parvient pas à se qualifier pour la CM 1994 à cause d'une défaite (1-2) lors du dernier match de qualification avec un but encaissé à la dernière seconde. Contre quelle pays a-t-elle perdu ce match ? Bulgarie
59%
Aux JO 1908,la France connaît sa plus large défaite (1-17). Contre quel pays ? Danemark
55%
La France atteint la demi-finale de la CM 1982. Dans un match mythique contre l'Allemagne,elle s'incline au tirs aux buts (3-3 ; 4-5 tab). Dans quelle ville eut lieu ce match culte ? Séville
55%
Quelle ville d'Afrique du Sud est le théâtre du fiasco de l'Equipe de France à la CM 2010 ? Knysna
46%
En 1995,la France réalise sa plus large victoire (10-0). Contre quel pays ? Azerbaïdjan
35%
Aucun quiz correspondant
Distribution des résultats
% des personnes avec chaque résultat
Percentile par nombre de réponses
Votre historique - résultats
Vous n’avez pas pris ce quiz